[Event "Feffernitz op 26th"]
[Site "Feffernitz"]
[Date "2017.08.20"]
[Round "1"]
[White "Birkenmaier, Rainer"]
[Black "Zoehrer, Gregor"]
[Result "1-0"]
[WhiteElo "2090"]
[BlackElo "1701"]
[PlyCount "41"]
[EventDate "2017.08.20"]
[EventType "swiss"]
[EventRounds "9"]
[EventCountry "AUT"]
[SourceTitle "CBM 180 Extra"]
[Source "ChessBase"]
[SourceDate "2017.10.06"]
[SourceVersion "1"]
[SourceVersionDate "2017.10.06"]
[SourceQuality "1"]

1. d4 Nf6 2. Nf3 e6 3. Nbd2 c5 4. e3 Nc6 5. c3 d5 6. Bd3 b6 7. Ne5 Bb7 8. f4 Nd7 9. 0-0 Be7 10. Qh5 g6 11. Qh3 Bf6 12. Ndf3 Qe7 13. b3 Bg7 14. Ba3 f6 15. Nxd7 Kxd7 16. dxc5 bxc5 17. Nd4 f5 18. Bb5 Rac8 19. Qf3 Kc7 20. Bxc5 Nxd4 21. cxd4 1-0

[Event "AUT-ch U16"]
[Site "St Veit"]
[Date "2015.04.02"]
[Round "7.8"]
[White "Zoehrer, Gregor"]
[Black "Hochschwarzer, Jakob"]
[Result "0-1"]
[WhiteElo "1697"]
[BlackElo "1692"]
[PlyCount "80"]
[EventDate "2015.03.29"]
[EventType "swiss"]
[EventRounds "7"]
[EventCountry "AUT"]
[SourceTitle "EXT 2024"]
[Source "ChessBase"]
[SourceDate "2023.10.10"]
[SourceVersion "1"]
[SourceVersionDate "2023.10.10"]
[SourceQuality "1"]

1. d4 d5 2. c4 e6 3. Nf3 Nf6 4. Bf4 Be7 5. e3 0-0 6. Nc3 Nbd7 7. Bd3 dxc4 8. Bxc4 c5 9. 0-0 cxd4 10. exd4 Nb6 11. Bd3 Nbd5 12. Bg3 Bd6 13. Bh4 Be7 14. a3 a6 15. Bc2 b5 16. Ne5 Bb7 17. Bg5 h6 18. Bc1 Rc8 19. Qd3 Nxc3 20. bxc3 Be4 21. Qg3 Bxc2 22. Bxh6 Ne8 23. Bd2 Bh4 24. Qg4 Bf5 25. Qh5 Nd6 26. Nf3 Bf6 27. g4 Bg6 28. Qh3 Ne4 29. Be3 Rxc3 30. Qg2 Ng5 31. Ne5 Bxe5 32. dxe5 Be4 33. Bxg5 Bxg2 34. Bxd8 Bxf1 35. Ba5 Rc4 36. Kxf1 Rxg4 37. Rd1 Ra4 38. Bb4 Rc8 39. Rd6 a5 40. Bd2 Rxa3 0-1

[Event "AUT-ch U16"]
[Site "St Veit"]
[Date "2015.03.29"]
[Round "2.9"]
[White "Fasching, Markus"]
[Black "Zoehrer, Gregor"]
[Result "1-0"]
[WhiteElo "1715"]
[BlackElo "1697"]
[PlyCount "67"]
[EventDate "2015.03.29"]
[EventType "swiss"]
[EventRounds "7"]
[EventCountry "AUT"]
[SourceTitle "EXT 2024"]
[Source "ChessBase"]
[SourceDate "2023.10.10"]
[SourceVersion "1"]
[SourceVersionDate "2023.10.10"]
[SourceQuality "1"]

1. e4 e6 2. d4 d5 3. Nd2 Nf6 4. e5 Nfd7 5. Bd3 c5 6. c3 Nc6 7. Ne2 Qb6 8. Nf3 f5 9. exf6 Nxf6 10. 0-0 Be7 11. Nf4 cxd4 12. cxd4 Bd7 13. Re1 Nb4 14. Bb1 Ng4 15. a3 Na6 16. Bf5 exf5 17. Nxd5 Qd8 18. Nxe7 Qxe7 19. Rxe7+ Kxe7 20. Bf4 Rhe8 21. Qe2+ Kf8 22. Bd6+ Kg8 23. Qc4+ Be6 24. d5 Bf7 25. Ng5 Rac8 26. Qb3 Nh6 27. Nxf7 Nxf7 28. Qxb7 Nxd6 29. Qxa6 Nf7 30. Qxa7 Re5 31. Rd1 Rce8 32. h3 Nd6 33. a4 Nc4 34. d6 1-0